00300nam a2200121Ia 4500008004100000041000900041082001500050100002500065245003200090260003900122300000900161650000800170230718s9999 xx 000 0 und d aEng. a340bMAH-P aMah,Akbar Ali Bhatti 0aPakistan law journal (2002) aPakistanbAll Pakistan legalc2002 a4800 aLaw